Modelado y control de un compensador estático de VAr instalado en parques eólicos
Gardado en:
| Autor Principal: | |
|---|---|
| Outros autores: | |
| Formato: | Libro |
| Idioma: | Spanish |
| Publicado: |
[San José], Costa Rica
2015
|
| Materias: | |
| Etiquetas: |
Engadir etiqueta
Sen Etiquetas, Sexa o primeiro en etiquetar este rexistro!
|
MARC
| LEADER | 00000nam a22000007a 4500 | ||
|---|---|---|---|
| 003 | 012405 | ||
| 005 | 20230912135309.0 | ||
| 008 | 160712b2015 cr a|||| |||| 00| ||spa d | ||
| 040 | |c cru CEDI | ||
| 090 | |a TFG 7563 | ||
| 100 | |9 1486 |a Torres Pineda, Esteban, 1988- | ||
| 245 | |a Modelado y control de un compensador estático de VAr instalado en parques eólicos | ||
| 260 | |a [San José], Costa Rica |c 2015 | ||
| 300 | |a xiii, 68 hojas; ilustraciones | ||
| 500 | |a Proyecto de graduación (bachillerato en ingeniería eléctrica)--Universidad de Costa Rica. Facultad de Ingeniería. Escuela de Ingeniería Eléctrica | ||
| 501 | |a Profesor Guía de IE-0499 Proyecto Eléctrico: Dr. Gustavo Valverde Mora | ||
| 648 | |x TRANSMISION DE POTENCIA |x ENERGIA EOLICA |x DISTRIBUCION DE ENERGIA ELECTRICA - ALTA TENSION |x SIMULACION POR COMPUTADORA |x SISTEMAS DE ENERGIA ELECTRICA |9 5204 | ||
| 700 | |9 725 |a Valverde Mora, Gustavo Adolfo, 1983- |d Director de Proyecto Eléctrico | ||
| 942 | |c CEDI | ||
| 999 | |c 16986 |d 16986 | ||
